Ice-Psychic type Pokémon - Statistics

General Stats
  • This quiz has been taken 9 times
  • The average score is 3 of 5
Answer Stats
Pokemon from Answer % Correct
Kanto Jynx
89%
Galar Mr.Mime
67%
Galar Mr.Rime
67%
Galar Calyrex
44%
Johto Smoochum
44%
No matching quizzes found
Score Distribution
Percent of People with Each Score
Percentile by Number Answered
Your Score History
You have not taken this quiz